The letting of humors blood in the head-vaine : With a new Morissco, daunced by seuen satyres, vpon the bottome of Diogines Tubbe.

Bibliographic Details
Main Author: Rowlands, Samuel, 1570?-1630?
Format: eBook
Language:English
Published: Imprinted at London : By W. White, 1611.
Series:Early English books online.
Subjects:
Online Access:Connect to the full text of this electronic book

MARC

Tag First Indicator Second Indicator Subfields
LEADER 00000nam a2200000 4500
001 in00004210113
005 20200807080259.0
006 m g d
007 cr bn |||a|bb|
008 920103s1611 enk o 00| | eng d
035 |a (UnM)99848240 
037 |a CL0036000046  |b ProQuest. 789 E. Eisenhower Parkway, Ann Arbor, MI 48108-3218 
040 |a Cu-RivES  |c Cu-RivES  |d CStRLIN  |e dcrb  |d WaOLN 
100 1 |a Rowlands, Samuel,  |d 1570?-1630? 
245 1 4 |a The letting of humors blood in the head-vaine :  |b With a new Morissco, daunced by seuen satyres, vpon the bottome of Diogines Tubbe. 
260 |a Imprinted at London :  |b By W. White,  |c 1611. 
300 |a 1 online resource ([60] pages) 
336 |a text  |b txt  |2 rdacontent 
337 |a computer  |b c  |2 rdamedia 
338 |a online resource  |b cr  |2 rdacarrier 
500 |a Dedication signed: S.R. 
500 |a In verse. 
500 |a Signatures: A-C D⁶. 
500 |a Reproduction of the original in the British Library. 
510 4 |a STC (2nd. edition)  |c 21396. 
533 |a Electronic reproduction.  |b Ann Arbor, Mich. :  |c UMI,  |d 1999-  |f (Early English books online)  |n Digital version of: (Early English books, 1475-1640 ; 1641:19)  |7 s1999 miun s 
650 0 |a Satire, English  |y 17th century. 
830 0 |a Early English books online. 
856 4 0 |u http://proxy.library.tamu.edu/login?url=https://search.proquest.com/docview/2240883137  |z Connect to the full text of this electronic book  |t 0 
999 f f |s daedcfb6-1d57-3096-8201-c752df7704c9  |i 0866ce10-7cd2-376d-a7e9-f541a6fbc90f  |t 0 
952 f f |a Texas A&M University  |b College Station  |c Electronic Resources  |d Available Online  |t 0  |h No information provided 
998 f f |t 0  |l Available Online